[Event "Cannes Martinez op"]
[Site "Cannes"]
[Date "1996.??.??"]
[Round "3"]
[White "Moingt, Anne"]
[Black "Vasilescu, Florian"]
[Result "0-1"]
[WhiteElo "2170"]
[BlackElo "2010"]
[PlyCount "93"]
[EventDate "1996.08.??"]
[EventType "swiss"]
[EventRounds "9"]
[EventCountry "FRA"]
[SourceTitle "EXT 1998"]
[Source "ChessBase"]
[SourceDate "1997.11.17"]
[SourceVersion "1"]
[SourceVersionDate "1997.11.17"]
[SourceQuality "1"]

1. e4 c5 2. Nf3 e6 3. d4 cxd4 4. Nxd4 Nf6 5. Bd3 Nc6 6. Nxc6 bxc6 7. 0-0 Qc7 8. c4 Be7 9. Nc3 d6 10. Qe2 e5 11. b3 Be6 12. Bb2 0-0 13. Nd1 Rfe8 14. Ne3 Bf8 15. f4 exf4 16. Bxf6 fxe3 17. Bd4 Rad8 18. Qxe3 c5 19. Bb2 Bc8 20. Qg5 Re6 21. Rf2 Qe7 22. Qg3 Bb7 23. Raf1 Rg6 24. Qf4 f6 25. Re2 Qd7 26. Bb1 Qg4 27. Qd2 Be7 28. Re3 Qe6 29. a3 Rh6 30. Rg3 Rg6 31. Rxg6 hxg6 32. Qf4 g5 33. Qf5 Qxf5 34. Rxf5 Bc8 35. Rd5 Be6 36. Rd2 Kf7 37. Kf2 Rh8 38. h3 g4 39. hxg4 Bxg4 40. Bc2 Rh1 41. Bd3 f5 42. Bc3 f4 43. g3 Bg5 44. Kg2 Rh3 45. gxf4 Bxf4 46. Rf2 g5 47. Be2 0-1